|
|
|
|
| LEADER |
00944cam a2200277 7i4500 |
| 001 |
0000133371 |
| 005 |
20190630090000.0 |
| 008 |
190507c20182018nyua x 0 eng |
| 020 |
# |
0 |
|a 9781681179544 Hardback
|
| 040 |
# |
# |
|a UMT
|
| 090 |
0 |
0 |
|a SH 135
|b .G4 2018
|
| 245 |
0 |
0 |
|a General aquaculture, fisheries & fish sciences
|c edited by Sharlene Albinson.
|
| 264 |
# |
1 |
|a Valley Cottage, NY:
|b Scitus Academics LLC,
|c [2018].
|
| 264 |
# |
4 |
|c ♭2018.
|
| 300 |
# |
# |
|a ix, 396 pages:
|b illustrations;
|c 24 cm.
|
| 336 |
# |
# |
|a text
|2 rdacontent
|
| 337 |
# |
# |
|a unmediated
|2 rdamedia
|
| 338 |
# |
# |
|a volume
|2 rdacarrier
|
| 490 |
1 |
0 |
|a Aquatic sciences
|
| 504 |
0 |
0 |
|a Includes bibliographical references and indexes
|
| 590 |
# |
# |
|a Pusat Pengajian Sains Perikanan dan Akuakultur
|
| 650 |
0 |
0 |
|a Fisheries --
|x fish sciences
|
| 650 |
0 |
0 |
|a Aquaculture
|
| 700 |
1 |
1 |
|a Albinson, Sharlene
|
| 830 |
0 |
0 |
|a Aquatic sciences
|
| 999 |
|
|
|a 1100107022
|b Book
|c Open Shelf
|e KOLEKSI TERBUKA
|